Reisdagboek : Regio's van Barcelona : Unieke voorstellen en onvergetelijke ervaringen / Regio's van Barcelona : Unieke voorstellen en onvergetelijke ervaringen /
Descripción Física:
27 pàgines ; il·lustracions en color ; 17 x 24 cm
Materias:
Barcelona és Molt Més -- marca turística
; Barcelona (Catalunya : Província) -- Descripcions i viatges
; Barcelona (Catalunya : Província) -- Guies
Idioma:
Catalán , Dutch
MARC
| LEADER | 00000nam a22000007a 4500 | ||
|---|---|---|---|
| 001 | 27597 | ||
| 003 | Arxiu | ||
| 005 | 20260324181157.0 | ||
| 008 | 230328b spa||||| |||| 00| 0 cat d | ||
| 017 | |a B 2235-2021 | ||
| 040 | |a agdb |b cat | ||
| 041 | |a dut | ||
| 240 | |a Quadern de viatge : Comarques de Barcelona |l [neerlandès] | ||
| 245 | |a Reisdagboek : |b Regio's van Barcelona : Unieke voorstellen en onvergetelijke ervaringen / |c BCN + Barcelona is veel meer ; Diputació de Barcelona | ||
| 260 | |a Barcelona : |b Diputació de Barcelona ; |c 2021 | ||
| 300 | |a 27 pàgines ; |b il·lustracions en color ; |c 17 x 24 cm | ||
| 546 | |a També en català (R. 27594), en castellà (R. 27595), en anglès (R. 27596) i en rus (R. 27598) | ||
| 610 | 2 | 0 | |9 51323 |a Barcelona és Molt Més |e marca turística |
| 651 | 0 | |9 52924 |a Barcelona (Catalunya : Província) |x Descripcions i viatges | |
| 651 | 0 | |9 52676 |a Barcelona (Catalunya : Província) |v Guies | |
| 710 | 1 | |9 51270 |a Barcelona (Catalunya : Província). |b Gerència de Serveis de Turisme | |
| 710 | |9 53579 |a Barcelona (Catalunya : Província). |b Oficina Tècnica de Turisme | ||
| 710 | 1 | |9 51402 |a Barcelona (Catalunya : Província). |b Oficina de Promoció Turística | |
| 942 | |2 udc |c ARXIU |n 1 | ||
| 952 | |0 0 |1 0 |2 udc |4 0 |6 FU74206 |7 1 |9 65816 |a Arxiu |b Arxiu |d 2023-03-28 |l 0 |o FU-74-206 |p 27597 |r 2023-03-28 00:00:00 |w 2023-03-28 |y ARXIU | ||
| 999 | |c 83261 |d 83261 | ||